000
00228nam a22000857a 4500
008
161108b xxu||||| |||| 00| 0 eng d
100
_9
1070
_a
BPI INDIA
245
_a
The cuttlefish loses lins life
260
_a
New Delhi
_b
BPI INDIA
_c
2011
999
_c
3728
_d
3728